| 000 | 00625nam a2200169 a 4500 | ||
|---|---|---|---|
| 008 | 120416s1972 ||||||||||||||||| || u | ||
| 020 | _a067220911X | ||
| 050 | _aTK 6564.S5 Buc | ||
| 100 | _aBuckwalter, Len | ||
| 245 | 1 | 0 | _a99 ways to improve your shortwave listening |
| 260 |
_aIndianapolis: _bHoward W. Sams & Co _c1972 |
||
| 300 | _a143p. : ill. | ||
| 350 | _a0.00 | ||
| 650 | _aSHORTWAVE RADIO--RECEIVERS AND RECEPTION | ||
| 650 | _aRADIO--AMATEUR'S MANUALS | ||
| 995 |
_D0.00 _FCBU-MAIN LIBRARY (Kitwe) _H1 _I0.00 _M1 _UWEEDED _ZMain Library Open Access Collection |
||
| 999 |
_c33155 _d33155 |
||